The japanese emperor through history

Na minha lista:
Detalhes bibliográficos
Formato: Livro
Idioma:Undetermined
Publicado em: Tokyo International Society for Educational Information, Inc 1984
Assuntos:
Tags: Adicionar Tag
Sem tags, seja o primeiro a adicionar uma tag!
Thư viện lưu trữ: Trung tâm Học liệu Trường Đại học Cần Thơ
LEADER 00460nam a2200169Ia 4500
001 CTU_115348
008 210402s9999 xx 000 0 und d
082 |a 952 
082 |b J35 
245 4 |a The japanese emperor through history 
260 |a Tokyo 
260 |b International Society for Educational Information, Inc 
260 |c 1984 
650 |a Japan 
650 |x History 
904 |i Năm 
980 |a Trung tâm Học liệu Trường Đại học Cần Thơ